Life, the science of biology / (Record no. 3855)

MARC details
000 -LEADER
fixed length control field 01042cam a22003014a 4500
001 - CONTROL NUMBER
control field 12177406
003 - CONTROL NUMBER IDENTIFIER
control field OSt
005 - DATE AND TIME OF LATEST TRANSACTION
control field 20160503133253.0
008 - FIXED-LENGTH DATA ELEMENTS--GENERAL INFORMATION
fixed length control field 000918s2001 mauab 001 0 eng
010 ## - LIBRARY OF CONGRESS CONTROL NUMBER
LC control number 00048235
020 ## - INTERNATIONAL STANDARD BOOK NUMBER
International Standard Book Number 0716738732 (cloth)
020 ## - INTERNATIONAL STANDARD BOOK NUMBER
International Standard Book Number 0716728699
020 ## - INTERNATIONAL STANDARD BOOK NUMBER
International Standard Book Number 0716738740 (CD disk)
040 ## - CATALOGING SOURCE
Original cataloging agency DLC
Transcribing agency DLC
Modifying agency DLC
042 ## - AUTHENTICATION CODE
Authentication code pcc
050 00 - LIBRARY OF CONGRESS CALL NUMBER
Classification number QH308.2
Item number .L565 2001
082 00 - DEWEY DECIMAL CLASSIFICATION NUMBER
Classification number 574
Edition number 21
Item number LIF 1998
245 00 - TITLE STATEMENT
Title Life, the science of biology /
Statement of responsibility, etc. William K. Purves ... [et al.].
250 ## - EDITION STATEMENT
Edition statement 5th ed.
260 ## - PUBLICATION, DISTRIBUTION, ETC. (IMPRINT)
Place of publication, distribution, etc. Sunderland, MA :
Name of publisher, distributor, etc. Sinauer Associates,
Date of publication, distribution, etc. 1998
300 ## - PHYSICAL DESCRIPTION
Extent xxxviii, 1044 p. :
Other physical details col.ill, col. maps ;
Dimensions 29 cm.
500 ## - GENERAL NOTE
General note Includes index.
650 #0 - SUBJECT ADDED ENTRY--TOPICAL TERM
Topical term or geographic name as entry element Biology.
9 (RLIN) 5602
700 1# - ADDED ENTRY--PERSONAL NAME
Personal name Purves, William K.
9 (RLIN) 8456
906 ## - LOCAL DATA ELEMENT F, LDF (RLIN)
a 7
b cbc
c orignew
d 1
e ocip
f 20
g y-gencatlg
942 ## - ADDED ENTRY ELEMENTS (KOHA)
Source of classification or shelving scheme Dewey Decimal Classification
Koha item type Short Loan
Holdings
Withdrawn status Lost status Source of classification or shelving scheme Damaged status Not for loan Home library Current library Date acquired Inventory number Total Checkouts Full call number Barcode Date last seen Price effective from Koha item type
    Dewey Decimal Classification     MUST Main Library MUST Main Library 03/05/2016 2001/16229   574 LIF 1998 2016-1556 03/05/2016 03/05/2016 Short Loan